000 00377nam a22001577a 4500
003 OSt
008 250529b |||||||| |||| 00| 0 eng d
020 _a9788170770556
100 _aSHASTRI, Acharya Udyaveer
245 _aNyayedarsanam
250 _a1st
260 _aNew Delhi
_bVijaykumar Govindram Hasanand
_c2023
300 _a575
650 _aGeneral
942 _2ddc
_cBK
999 _c13612
_d13612